Buscando un techo : familia y vivienda popular.

Bibliographic Details
Main Author: Feijoo, María del Carmen
Format: Libro
Language:English
Published: Buenos Aires Cedes 1984
Series:Estudios Cedes
Subjects:

MARC

LEADER 00000cam a2200000 a 4500
001 027658
003 UAHC_CL
005 20170803122831.0
008 020808b xx j 000 1 eng
040 |a UAHC_CL  |c UAHC_CL  |d UAHC_CL 
100 1 |a Feijoo, María del Carmen 
245 1 0 |a Buscando un techo : familia y vivienda popular. 
260 |b Cedes  |c 1984  |a Buenos Aires 
300 |a 90 p. 
490 0 |a Estudios Cedes 
650 4 |a FAMILIA 
650 4 |a SECTORES POPULARES 
650 4 |a VIVIENDAS SOCIALES 
650 4 |z ARGENTINA 
900 |a CEDES-D3526 
942 |c BK 
952 |0 0  |1 0  |4 0  |6 CEDES_D3526  |7 0  |8 General  |9 55104  |a BC  |b BC  |c General  |d 2017-08-03  |l 0  |o CEDES-D3526  |p 1328077  |r 2019-12-02 00:00:00  |t 1  |w 2017-08-03  |y BK 
999 |c 27658  |d 27658